[Event "Torino San Giovanni op 2nd"]
[Site "Torino"]
[Date "2015.06.22"]
[Round "4"]
[White "Risso, Alessandro"]
[Black "Nastro, Federico"]
[Result "0-1"]
[WhiteElo "1762"]
[BlackElo "1941"]
[PlyCount "64"]
[EventDate "2015.06.20"]
[EventType "swiss"]
[EventRounds "6"]
[EventCountry "ITA"]
[SourceTitle "EXT 2017"]
[Source "ChessBase"]
[SourceDate "2016.10.25"]
[SourceVersion "1"]
[SourceVersionDate "2016.10.25"]
[SourceQuality "1"]

1. e4 c6 2. d4 d5 3. Nc3 g6 4. Nf3 Bg4 5. Be3 dxe4 6. Nxe4 Bg7 7. c3 Nd7 8. Bc4 Bxf3 9. Qxf3 Ngf6 10. 0-0-0 0-0 11. g4 Nxe4 12. Qxe4 e6 13. h4 b5 14. Bd3 b4 15. cxb4 a5 16. Bd2 axb4 17. Bxb4 Nf6 18. Qe2 Re8 19. a3 Nd5 20. Bc5 e5 21. dxe5 Bxe5 22. Qc2 Rb8 23. b4 Qf6 24. g5 Qg7 25. Rde1 Bf4+ 26. Be3 Qa1+ 27. Kd2 Qxa3 28. Bxf4 Qxb4+ 29. Kd1 Nxf4 30. Rxe8+ Rxe8 31. Qd2 Qxd2+ 32. Kxd2 Rd8 0-1